000 00251nam a22000977a 4500
999 _c11641
_d11641
008 190923b ||||| |||| 00| 0 eng d
020 _a9789388788847
100 _aGoyal
_97344
245 _aScore Well Science-X
260 _aNew Delhi
_bGoyal Brothers
_c2019